Devotional studies in Galatians and Ephesians. (Record no. 7772)

000 -LEADER
fixed length control field 00501nam a2200169 a 4500
001 - CONTROL NUMBER
control field :::00005537$&:&@@
003 - CONTROL NUMBER IDENTIFIER
control field OkBaRHE
005 - DATE AND TIME OF LATEST TRANSACTION
control field 20001027110904.0
008 - FIXED-LENGTH DATA ELEMENTS--GENERAL INFORMATION
fixed length control field s1957 j 000 0 eng u
040 ## - CATALOGING SOURCE
Transcribing agency
100 1# - MAIN ENTRY--PERSONAL NAME
Personal name Strauss, Lehman
245 10 - TITLE STATEMENT
Title Devotional studies in Galatians and Ephesians.
260 ## - PUBLICATION, DISTRIBUTION, ETC. (IMPRINT)
Place of publication, distribution, etc New York
Name of publisher, distributor, etc Loizeaux Brothers
Date of publication, distribution, etc 1957
300 ## - PHYSICAL DESCRIPTION
Extent 256 p. ;
Dimensions
942 ## - ADDED ENTRY ELEMENTS (KOHA)
Source of classification or shelving scheme
Koha item type Books
Copies
Barcode Date acquired Permanent Location Koha item type Shelving location Full call number Lost status Date last seen Source of classification or shelving scheme Price effective from Not for loan Copy number Withdrawn status Damaged status
55372010-04-14RHEMA Bible Training CollegeBooksGeneral StacksBS 2685 .S75 2018-04-03 2010-04-14 1